书目信息 |
| 题名: |
工程制图习题集
|
|
| 作者: | 朱廷祥 , 龚斌 , 苏明 主编 | |
| 分册: | ||
| 出版信息: | 天津 天津大学出版社 2010.09 |
|
| 页数: | 141页 | |
| 开本: | 26×19cm | |
| 丛书名: | ||
| 单 册: | ||
| 中图分类: | TB23-44 | |
| 科图分类: | ||
| 主题词: | 工程制图--gong cheng zhi tu--高等学校--习题 | |
| 电子资源: | ||
| ISBN: | 978-7-5618-3682-8 | |
| 000 | 00972nam0 2200277 450 | |
| 001 | 012011633505 | |
| 005 | 20110105145504.21 | |
| 010 | @a978-7-5618-3682-8@dCNY30.00 | |
| 100 | @a20110105d2010 em y0chiy0120 ea | |
| 101 | 0 | @achi |
| 102 | @aCN@b120000 | |
| 105 | @aa aq 000yy | |
| 106 | @ar | |
| 200 | 1 | @a工程制图习题集@Agong cheng zhi tu xi ti ji@f朱廷祥, 龚斌, 苏明主编@Fzhu ting xiang,gong bin,su ming zhu bian |
| 210 | @a天津@c天津大学出版社@d2010.09 | |
| 215 | @a141页@c图@d26×19cm | |
| 300 | @a国家级示范性高等院校精品规划教材 | |
| 320 | @a有书目 (第141页) | |
| 330 | @a本书主要内容包括:制图的基本知识和技能,投影基础,组合体,轴测图,物体的表达方法,螺纹、齿轮及常用标准件等。 | |
| 606 | 0 | @a工程制图@Agong cheng zhi tu@x高等学校@j习题 |
| 690 | @aTB23-44@v4 | |
| 701 | 0 | @a朱廷祥@Azhu ting xiang@4主编 |
| 701 | 0 | @a龚斌@Agong bin@4主编 |
| 701 | 0 | @a苏明@Asu ming@4主编 |
| 801 | 0 | @aCN@bRULIN@c20110105 |
| 905 | @b791212-14@dTB23-44@eZ877@f3 | |
| 工程制图习题集/朱廷祥, 龚斌, 苏明主编.-天津:天津大学出版社,2010.09 |
| 141页:图;26×19cm |
| 国家级示范性高等院校精品规划教材 |
| ISBN 978-7-5618-3682-8:CNY30.00 |
| 本书主要内容包括:制图的基本知识和技能,投影基础,组合体,轴测图,物体的表达方法,螺纹、齿轮及常用标准件等。 |
| ● |
| 相关链接 |
|
|
|
正题名:工程制图习题集
索取号:TB23-44/Z877
 
预约/预借
| 序号 | 登录号 | 条形码 | 馆藏地/架位号 | 状态 | 备注 |
| 1 | 791212 | 207912124 | 期刊室512/501自科库 7排3列1层/ [索取号:TB23-44/Z877] | 在馆 | |
| 2 | 791213 | 207912133 | 自科库501/501自科库 7排3列1层/ [索取号:TB23-44/Z877] | 在馆 | |
| 3 | 791214 | 207912142 | 自科库501/501自科库 7排3列1层/ [索取号:TB23-44/Z877] | 在馆 |